Пьесы / (Record no. 515378)
[ view plain ]
| 000 -LEADER | |
|---|---|
| fixed length control field | 01130nam a2200229 a 4500 |
| 001 - CONTROL NUMBER | |
| control field | 000966396 |
| 003 - CONTROL NUMBER IDENTIFIER | |
| control field | AM-YEHGA |
| 005 - DATE AND TIME OF LATEST TRANSACTION | |
| control field | 20250617163943.0 |
| 008 - FIXED-LENGTH DATA ELEMENTS--GENERAL INFORMATION | |
| fixed length control field | 130604s1962 ru r 000 0 rus d |
| 040 ## - CATALOGING SOURCE | |
| Original cataloging agency | AM-YeHGA |
| 041 0# - LANGUAGE CODE | |
| Language code of text/sound track or separate title | rus |
| 090 ## - LOCALLY ASSIGNED LC-TYPE CALL NUMBER (OCLC); LOCAL CALL NUMBER (RLIN) | |
| -- | 518919 |
| 100 1# - MAIN ENTRY--PERSONAL NAME | |
| Personal name | Немирович-Данченко, Владимир Иванович |
| Dates associated with a name | 1858-1943 |
| 245 10 - TITLE STATEMENT | |
| Title | Пьесы / |
| Statement of responsibility, etc. | Вл. И. Немирович-Данченко; [сост. В. А. Путинцев; вступ. ст. Т. Б. Князевской, с. 5-26 ; примеч. В. А. Маслиха]. |
| 260 ## - PUBLICATION, DISTRIBUTION, ETC. | |
| Place of publication, distribution, etc. | Москва : |
| Name of publisher, distributor, etc. | Искусство, |
| Date of publication, distribution, etc. | 1962. |
| 300 ## - PHYSICAL DESCRIPTION | |
| Extent | 547 с. : |
| Other physical details | 11 вкл. л. ил. |
| 440 #0 - SERIES STATEMENT/ADDED ENTRY--TITLE | |
| Title | Б-ка драматурга/ Ред. коллегия: А. Аникст и др. |
| 505 0# - FORMATTED CONTENTS NOTE | |
| Formatted contents note | Содерж.: Темный бор; Последняя воля; Новое дело; Золото; Цена жизни; В мечтах |
| 650 14 - SUBJECT ADDED ENTRY--TOPICAL TERM | |
| Topical term or geographic name entry element | Русская литература |
| General subdivision | Драматургия |
| 700 1# - ADDED ENTRY--PERSONAL NAME | |
| Personal name | Путинцев, В. А. |
| Relator term | сост. |
| Relationship | com |
| 700 1# - ADDED ENTRY--PERSONAL NAME | |
| Personal name | Князевская, Т. Б. |
| Relator term | авт. вступ. ст. |
| Relationship | aui |
| Withdrawn status | Lost status | Source of classification or shelving scheme | Damaged status | Not for loan | Collection | Home library | Current library | Date acquired | Total checkouts | Full call number | Barcode | Date last seen | Price effective from | Koha item type | Public note |
|---|---|---|---|---|---|---|---|---|---|---|---|---|---|---|---|
| Universal Decimal Classification | General | Fundamental Scientific Library | Fundamental Scientific Library | 10/09/2021 | PII/60987 | FL0659749 | 10/09/2021 | 10/09/2021 | Գրքեր / Books | 30 Days Loan |
ՀՀ Գիտությունների ազգային ակադեմիայի հիմնարար գիտական գրադարան = Fundamental Scientific Library of NAS RA
All site content, except where otherwise noted, is licensed under a